Things that are More Likely to Kill You Than a Shark - Statistics

General Stats
  • This quiz has been taken 281 times
  • The average score is 14 of 24
Answer Stats
Hint Answer % Correct
Honey and Pollen 200 Bees
86%
This "american" sport 24 Football
80%
These insects that live in colonies in hills 100 Ants
76%
Their buzzing is annoying, but their Malaria is deadly 1,600,000 Mosquitos
76%
An electrical charge coming from a cumulonimbus cloud 48,000 Lightning
74%
They float in air and are common at parties 12 Balloons
71%
Shopping on this holiday that comes after thanksgiving 1,100 Black Friday
71%
Whether it's HD, Curved, or Smart, it can still kill you 68 Television
71%
Moving air 140 Wind
71%
These fruits, not nuts, that fall from trees 300 Coconuts
69%
Be careful where you aim when you pop this off the bottle 48 Corks
68%
The lack of heat 1,200 Cold
67%
Most common milk maker in the U.S 40 Cows
64%
Water dripping that froze 30 Icicles
63%
Also known as Frankfurters 1,020 Hot Dogs
60%
Yard Cutters 150 Lawnmowers
60%
They're hungry hungry and they might kill you 5,800 Hippos
54%
Make sure you tie your shoes, or this might kill you 12,000 Tripping
50%
Rungs attached to two long poles 710 Ladders
42%
Seabiscuit or Secretariat 40 Horses
35%
A fish that might go good with peanut butter 80 Jellyfish
30%
You might not want to get out of it, but falling out of it could kill you 900 Beds
27%
Don't shake it, or it could fall on you 4 Vending Machine
24%
What type, bottle or ______ 200 Hot Tap Water
14%
No matching quizzes found
Score Distribution
Percent of People with Each Score
Percentile by Number Answered
Your Score History
You have not taken this quiz